| 000 | 01647nam a22003377a 4500 | ||
|---|---|---|---|
| 005 | 20130725074029.0 | ||
| 008 | 120619s2011 ck ado fr 000 0 spa d | ||
| 020 | _a9789588317656 (obra completa) | ||
| 020 | _a9789588317670 (tomo1) | ||
| 041 | _aspa | ||
| 044 | _ack | ||
| 082 | 0 | 4 |
_a634.4098 _bE825e1 |
| 245 | 0 | 0 |
_aArazá _bEstudios ecofisiológicos en la amazonía colombiana _ccompiladores Jaime Alberto Barrera García, María Soledad Hernández Gómez, Luz Marina Melgarejo ; revisión técnica Luz Marina Melgarejo |
| 260 |
_a[Bogotá] _bSINCHI _bMinisterio de Ambiente, Vivienda y Desarrollo Territorial _c2011 |
||
| 300 |
_a104 p. _bil., _c24 cm. |
||
| 490 | _aEstudios ecofisiológicos en la amazonía colombiana | ||
| 504 | _aIncluye referencias bibliográficas | ||
| 505 | 0 | _aTomo 1. Arazá (Eugenia stipitata, Mc Vaugh) | |
| 650 | 1 | 7 |
_aFrutas tropicales _xAspectos fisiológicos _zAmazonas (Valle) _9471 |
| 650 | 1 | 7 |
_aEcología agrícola _zAmazonas (Valle) _9472 |
| 650 | 1 | 7 |
_aEcofisiología vegetal _xCultivos y medios de cultivo _zAmazonas (Valle) _9473 |
| 650 | 1 | 4 |
_aArazá (Eugenia stipitata, Mc Vaugh) _9474 |
| 650 | 1 | 4 |
_aCocona (Solanum sessilliflorum Dunal) _9475 |
| 650 | 1 | 7 |
_aAgroforesteria _9476 |
| 700 | 1 |
_aBarrera García, Jaime Alberto _9477 |
|
| 700 | 1 |
_aHernández Gómez, María Soledad _9478 |
|
| 700 | 1 |
_aMelgarejo Muñoz, Luz Marina _d1965- _uUniversidad Ncional de Colombia (Bogota). Facultad de Ciencias _9479 |
|
| 710 | 2 |
_aInstituto Amazónico de Investigaciones Científicas (Sinchi) _9480 |
|
| 856 | 4 | 1 | _uhttp://www.sinchi.org.co/images/pdf/dfpublicaciones/2011/Araza_digitalweb.pdf |
| 942 |
_2ddc _cIMPRESO |
||
| 999 |
_c7368 _d7368 |
||